=LDR 00000nam 2200000 4500 =001 INLIS000000000010811 =005 20130612102427 =008 ***********************************Ind** =035 ##$$0010-061300000010811 =041 ##$$a Ind =082 ##$$a 410.7 =090 ##$$a 410.7, Yani b =100 ##$$a Yanilah,M =245 ##$$a Bahasa Indonesia untuk pendidikann tenaga kesehatan, M. Yamilah, selamet samsoerizal =260 ##$$a 1994 $b Jakarta =300 ##$$a ix, 744 hlm., 24 cm =650 ##$$a Bahasa Indonesia =650 ##$$a Studi dan Pengajaran =700 ##$$a Samsurizal =850 ##$$a NBPNMAT =990 ##$$a 21195533/BPAP-NTB/2014 =990 ##$$a 21195536/BPAP-NTB/2014 =990 ##$$a 0001/BPAP-NTB/20142015